The wonders of physics / (Record no. 15391)
[ view plain ]
| 000 -LEADER | |
|---|---|
| fixed length control field | 01572cam a2200349 i 4500 |
| 001 - ACCESSION NUMBER | |
| control field | 17434383 |
| 003 - CONTROL NUMBER IDENTIFIER | |
| control field | CUTN |
| 005 - DATE AND TIME OF LATEST TRANSACTION | |
| control field | 20150708153712.0 |
| 008 - FIXED-LENGTH DATA ELEMENTS--GENERAL INFORMATION | |
| fixed length control field | 120817s2012 njua 001 0 eng |
| 010 ## - LIBRARY OF CONGRESS CONTROL NUMBER | |
| LC control number | 2012470044 |
| 020 ## - INTERNATIONAL STANDARD BOOK NUMBER | |
| International Standard Book Number | 9789814374156 |
| 020 ## - INTERNATIONAL STANDARD BOOK NUMBER | |
| International Standard Book Number | 9814374156 |
| 040 ## - CATALOGING SOURCE | |
| Original cataloging agency | DLC |
| Language of cataloging | eng |
| Transcribing agency | DLC |
| Description conventions | rda |
| Modifying agency | DLC |
| 041 1# - LANGUAGE CODE | |
| Language code of text/sound track or separate title | eng |
| Language code of original and/or intermediate translations of text | rus |
| 042 ## - AUTHENTICATION CODE | |
| Authentication code | pcc |
| 050 00 - LIBRARY OF CONGRESS CALL NUMBER | |
| Classification number | QC24.5 |
| Item number | .A8513 2012 |
| 082 00 - DEWEY DECIMAL CLASSIFICATION NUMBER | |
| Classification number | 530 |
| Edition number | 23 |
| 100 1# - MAIN ENTRY--PERSONAL NAME | |
| Personal name | Aslamazov, L. G. |
| Fuller form of name | (Lev Grigorʹevich) |
| 240 10 - UNIFORM TITLE | |
| Uniform title | <a href="Udivitelʹnai︠a︡ fizika.">Udivitelʹnai︠a︡ fizika.</a> |
| Language of a work | English |
| 245 14 - TITLE STATEMENT | |
| Title | The wonders of physics / |
| Statement of responsibility, etc | Andrey Varlamov, Italian National Research Council, Italy, Lev Aslamazov, Moscow Technological University, Russia ; scientific editor, A.A. Abrikosov, Jr. ; translators, A.A. Abrikosov, Jr., J. Vydryg & D. Znamenski. |
| 250 ## - EDITION STATEMENT | |
| Edition statement | 3rd edition. |
| 300 ## - PHYSICAL DESCRIPTION | |
| Extent | xiv, 312 pages : |
| Other physical details | illustrations (some color) ; |
| Dimensions | 24 cm |
| 500 ## - GENERAL NOTE | |
| General note | Rev. ed. of: Wonders of physics / L.G. Aslamazov, A.A. Varlamov ; scientific editor, A.A. Abrikosov, Jr. ; translators, A.A. Abrikosov, Jr. & D. Znamenski. c2004. |
| 500 ## - GENERAL NOTE | |
| General note | Includes index. |
| 650 #0 - SUBJECT ADDED ENTRY--TOPICAL TERM | |
| Topical term or geographic name as entry element | Physics |
| Form subdivision | Popular works. |
| 700 1# - ADDED ENTRY--PERSONAL NAME | |
| Personal name | Varlamov, A. A. |
| Fuller form of name | (Andreĭ Andreevich) |
| 700 1# - ADDED ENTRY--PERSONAL NAME | |
| Personal name | Aslamazov, L. G. |
| Fuller form of name | (Lev Grigorʹevich) |
| 775 08 - OTHER EDITION ENTRY | |
| Display text | Revision of: |
| Main entry heading | Aslamazov, L. G. (Lev Grigorʹevich) |
| Title | The wonders of physics / L.G. Aslamazov, A.A. Varlamov |
| Place, publisher, and date of publication | [Hackensack, N.J.] : World Scientific, c2004 |
| Record control number | (DLC) 2006285587 |
| 906 ## - LOCAL DATA ELEMENT F, LDF (RLIN) | |
| a | 7 |
| b | cbc |
| c | origcop |
| d | 2 |
| e | ncip |
| f | 20 |
| g | y-gencatlg |
| 942 ## - ADDED ENTRY ELEMENTS (KOHA) | |
| Source of classification or shelving scheme | Dewey Decimal Classification |
| Koha item type | General Books |
No items available.
